[Event "Asuncion Clasificatorio op 4th"]
[Site "Asuncion"]
[Date "2015.08.15"]
[Round "4.5"]
[White "Uribe, Gabriel"]
[Black "Rivarola, Paul"]
[Result "0-1"]
[WhiteElo "1957"]
[BlackElo "1726"]
[PlyCount "76"]
[EventDate "2015.08.14"]
[EventType "swiss"]
[EventRounds "7"]
[EventCountry "PAR"]
[SourceTitle "EXT 2023"]
[Source "ChessBase"]
[SourceDate "2022.10.05"]
[SourceVersion "1"]
[SourceVersionDate "2022.10.05"]
[SourceQuality "1"]

1. b3 Nf6 2. Bb2 b6 3. e3 Bb7 4. f4 e6 5. Nf3 Be7 6. Bd3 Na6 7. 0-0 0-0 8. Qe1 Nb4 9. Na3 Nxd3 10. cxd3 d6 11. Qg3 Ne8 12. Rfc1 c5 13. Qg4 Bf6 14. Bxf6 Qxf6 15. Qg5 Ba6 16. Qxf6 Nxf6 17. Nc4 Rfd8 18. Rc2 Nd5 19. a3 Nf6 20. Rac1 h6 21. h3 Rac8 22. g4 Bxc4 23. dxc4 d5 24. g5 hxg5 25. fxg5 Nd7 26. Kf2 f6 27. Rg1 f5 28. Kg3 Kf7 29. Kf4 dxc4 30. Rxc4 g6 31. h4 e5+ 32. Nxe5+ Nxe5 33. Kxe5 Rxd2 34. h5 Rd3 35. h6 Re8+ 36. Kf4 Rdxe3 37. a4 a5 38. h7 Rxb3 0-1

[Event "Asuncion zt 2.5"]
[Site "Asuncion"]
[Date "2015.05.03"]
[Round "9"]
[White "Aguero Centurion, Abel Alejandro"]
[Black "Uribe, Gabriel"]
[Result "0-1"]
[WhiteElo "1755"]
[BlackElo "1922"]
[PlyCount "160"]
[EventDate "2015.04.27"]
[EventType "swiss"]
[EventRounds "9"]
[EventCountry "PAR"]
[SourceTitle "CBM 166 Extra"]
[Source "ChessBase"]
[SourceDate "2015.06.18"]
[SourceVersion "1"]
[SourceVersionDate "2015.06.18"]
[SourceQuality "1"]

1. d4 Nf6 2. Nf3 e6 3. Bf4 c5 4. e3 Qb6 5. Nc3 a6 6. a3 d5 7. Rb1 Nc6 8. Be2 Bd7 9. 0-0 Be7 10. Na4 Qa5 11. c3 Nxd4 12. exd4 Bxa4 13. b3 Bc6 14. b4 cxb4 15. cxb4 Qxa3 16. b5 axb5 17. Bxb5 0-0 18. Bxc6 bxc6 19. Ne5 c5 20. Rb3 Qa4 21. Rb7 Bd6 22. Qxa4 Rxa4 23. dxc5 Bxc5 24. Bg5 Ne4 25. Be3 d4 26. Bf4 g5 27. Bg3 Nxg3 28. hxg3 Bd6 29. Nd7 Rd8 30. Nf6+ Kg7 31. Ne4 Kg6 32. Rb6 Bb8 33. f4 gxf4 34. gxf4 Kf5 35. Nc5 Ra2 36. Rb7 Ba7 37. Rxf7+ Kg6 38. Nxe6 Rc8 39. Rxa7 Rxa7 40. Nxd4 Ra2 41. Rf2 Rc1+ 42. Rf1 Rc4 43. Nf3 Rxf4 44. Rf2 Rfa4 45. Ne5+ Kg5 46. Nf7+ Kh4 47. Rf3 R4a3 48. Rxa3 Rxa3 49. Kh2 Kg4 50. Ne5+ Kf4 51. Nf3 Ra5 52. Ng1 Rh5+ 53. Nh3+ Kg4 54. Kg1 Kg3 55. Nf2 Ra5 56. Nh1+ Kf4 57. Nf2 Ra2 58. Nh1 Ra1+ 59. Kh2 Ra6 60. Nf2 Rh6+ 61. Kg1 Rh5 62. Nh3+ Kg3 63. Nf2 h6 64. Ne4+ Kf4 65. Nf2 Ke3 66. Nh3 Rh4 67. Kh2 h5 68. Kg3 Rg4+ 69. Kh2 Ke2 70. Kg1 Ke1 71. Nf2 Ra4 72. Nh3 Rb4 73. Nf2 Ra4 74. Nh3 Ke2 75. Kh2 Kf1 76. Kg3 Rg4+ 77. Kf3 Rxg2 78. Nf4 Rf2+ 79. Kg3 h4+ 80. Kg4 Rxf4+ 0-1

[Event "Asuncion zt 2.5"]
[Site "Asuncion"]
[Date "2015.05.01"]
[Round "7"]
[White "Fiori, Hector Dionisio"]
[Black "Uribe, Gabriel"]
[Result "0-1"]
[WhiteElo "2136"]
[BlackElo "1922"]
[PlyCount "70"]
[EventDate "2015.04.27"]
[EventType "swiss"]
[EventRounds "9"]
[EventCountry "PAR"]
[SourceTitle "CBM 166 Extra"]
[Source "ChessBase"]
[SourceDate "2015.06.18"]
[SourceVersion "1"]
[SourceVersionDate "2015.06.18"]
[SourceQuality "1"]

1. c4 c5 2. b3 Nf6 3. Bb2 Nc6 4. e3 e6 5. Nf3 Ne7 6. Nc3 Ng6 7. h4 Ne7 8. Qc2 a6 9. 0-0-0 Qc7 10. d4 d6 11. dxc5 dxc5 12. Ng5 Nc6 13. Nce4 Be7 14. Kb1 Bd7 15. f4 Nb4 16. Qc1 Bc6 17. Nf2 a5 18. Nd3 h6 19. Nf3 Be4 20. a4 0-0-0 21. Nfe5 Rhf8 22. Qc3 Bd6 23. Be2 Bxe5 24. fxe5 Bxd3+ 25. Bxd3 Ng4 26. Bc2 Nxc2 27. Kxc2 Nf2 28. Rxd8+ Rxd8 29. Rf1 Ne4 30. Qe1 Rd2+ 31. Kc1 Qd7 32. Bc3 Rxg2 33. Bxa5 Qd3 34. Qd1 Qxe3+ 35. Kb1 Nc3+ 0-1

[Event "Asuncion zt 2.5"]
[Site "Asuncion"]
[Date "2015.04.30"]
[Round "6"]
[White "Uribe, Gabriel"]
[Black "Zacarias Martinez, Ruben David"]
[Result "0-1"]
[WhiteElo "1922"]
[BlackElo "2240"]
[PlyCount "98"]
[EventDate "2015.04.27"]
[EventType "swiss"]
[EventRounds "9"]
[EventCountry "PAR"]
[SourceTitle "CBM 166 Extra"]
[Source "ChessBase"]
[SourceDate "2015.06.18"]
[SourceVersion "1"]
[SourceVersionDate "2015.06.18"]
[SourceQuality "1"]

1. d4 Nf6 2. Nf3 g6 3. Bf4 Bg7 4. e3 0-0 5. Be2 c5 6. 0-0 d5 7. c3 Nc6 8. h3 Nd7 9. Nbd2 e5 10. dxe5 Ndxe5 11. Nxe5 Nxe5 12. Nf3 Nc6 13. Qb3 Na5 14. Qc2 Bf5 15. Bd3 Be6 16. Rad1 Qb6 17. Qb1 Rad8 18. Rd2 Nc6 19. Rfd1 Qa5 20. Ng5 Bc8 21. Bc2 h6 22. Nxf7 Rxf7 23. Bxg6 Be6 24. Bxf7+ Bxf7 25. Qf5 Ne7 26. Qg4 Kh7 27. e4 d4 28. e5 Nc6 29. h4 Qxa2 30. Qf5+ Bg6 31. Qh3 Qf7 32. Qg3 Rf8 33. cxd4 cxd4 34. e6 Qxf4 35. Qb3 b6 36. Qb5 Qd6 37. Rc1 Ne5 38. Qa6 Ng4 39. Rc8 Qxe6 40. Rxf8 Bxf8 41. Kf1 d3 42. Qxa7+ Kg8 43. Qb8 Kg7 44. Qc7+ Kg8 45. h5 Bh7 46. Qb8 Qc4 47. Ke1 Qc1+ 48. Rd1 Qxb2 49. Rd2 Qe5+ 0-1

[Event "Asuncion zt 2.5"]
[Site "Asuncion"]
[Date "2015.04.28"]
[Round "2"]
[White "Latorre Lopez Moreira, Luis Matias"]
[Black "Uribe, Gabriel"]
[Result "1/2-1/2"]
[WhiteElo "2297"]
[BlackElo "1922"]
[PlyCount "110"]
[EventDate "2015.04.27"]
[EventType "swiss"]
[EventRounds "9"]
[EventCountry "PAR"]
[SourceTitle "CBM 166 Extra"]
[Source "ChessBase"]
[SourceDate "2015.06.18"]
[SourceVersion "1"]
[SourceVersionDate "2015.06.18"]
[SourceQuality "1"]

1. g3 c5 2. Bg2 Nc6 3. Nc3 g6 4. e4 Bg7 5. d3 Rb8 6. Be3 d6 7. a4 Nf6 8. h3 a6 9. f4 Qc7 10. g4 Nb4 11. Nge2 h6 12. 0-0 0-0 13. Ng3 d5 14. d4 dxe4 15. dxc5 Rd8 16. Qe2 Nfd5 17. Rad1 Nxe3 18. Qxe3 Nxc2 19. Rxd8+ Qxd8 20. Qxe4 Ne3 21. Re1 Nxg2 22. Rd1 Qc7 23. Kxg2 Be6 24. f5 Bb3 25. Rd2 Bxc3 26. bxc3 Rd8 27. Rd4 e6 28. Qe3 Rxd4 29. cxd4 Bxa4 30. fxg6 Qc6+ 31. Kh2 fxg6 32. Qxh6 Bc2 33. Qd2 Bb1 34. Qe1 Bc2 35. Qf2 Bb1 36. h4 Qd5 37. Qf6 Qd7 38. h5 Qf7 39. Qe5 Kh7 40. Kg2 Bd3 41. h6 Bc4 42. g5 Bd5+ 43. Kg1 a5 44. Nf1 a4 45. Ne3 a3 46. Ng4 a2 47. Nf6+ Qxf6 48. Qxf6 a1Q+ 49. Kf2 Qb2+ 50. Ke3 Qc1+ 51. Kd3 Qa3+ 52. Kd2 Qb2+ 53. Ke3 Qc1+ 54. Kd3 Qa3+ 55. Kd2 Qb2+ 1/2-1/2

[Event "Asuncion op"]
[Site "Asuncion"]
[Date "2014.05.03"]
[Round "5"]
[White "Zacarias Martinez, Ruben David"]
[Black "Uribe, Gabriel"]
[Result "1-0"]
[WhiteElo "2196"]
[BlackElo "1897"]
[PlyCount "45"]
[EventDate "2014.04.30"]
[EventType "swiss"]
[EventRounds "9"]
[EventCountry "PAR"]
[SourceTitle "CBM 160 Extra"]
[Source "ChessBase"]
[SourceDate "2014.07.01"]
[SourceVersion "1"]
[SourceVersionDate "2014.07.01"]
[SourceQuality "1"]

1. e4 Nc6 2. d4 d5 3. e5 e6 4. Nf3 Nge7 5. c3 a6 6. Bd3 Bd7 7. 0-0 Na5 8. Re1 h6 9. Nbd2 g6 10. b4 Nac6 11. Nb3 Nf5 12. a4 Na7 13. Nc5 Bxc5 14. dxc5 c6 15. Nd4 Nxd4 16. cxd4 Qh4 17. Bf1 f5 18. exf6 Qxf6 19. Ra3 0-0 20. Qd2 g5 21. Re5 Rf7 22. h4 Qf4 23. hxg5 1-0

[Event "Asuncion Clasificatorio op"]
[Site "Asuncion"]
[Date "2013.09.14"]
[Round "9.5"]
[White "Figari, Esteban"]
[Black "Uribe, Gabriel"]
[Result "0-1"]
[WhiteElo "2081"]
[BlackElo "1883"]
[PlyCount "92"]
[EventDate "2013.08.30"]
[EventType "swiss"]
[EventRounds "9"]
[EventCountry "PAR"]
[SourceTitle "EXT 2023"]
[Source "ChessBase"]
[SourceDate "2022.10.05"]
[SourceVersion "1"]
[SourceVersionDate "2022.10.05"]
[SourceQuality "1"]

1. e4 d5 2. exd5 Qxd5 3. Nc3 Qa5 4. d4 c6 5. Nf3 Nf6 6. Bd2 Bf5 7. Ne5 Nbd7 8. f4 h5 9. h3 e6 10. Bd3 Bxd3 11. Nxd3 Be7 12. Qe2 Qf5 13. 0-0-0 h4 14. Rhe1 0-0-0 15. Qf2 Kb8 16. Ne5 Nd5 17. Nxd5 cxd5 18. Ba5 Nb6 19. Bxb6 axb6 20. Nd3 Bf6 21. c3 Rc8 22. Kb1 g6 23. Qc2 Bxd4 24. Qb3 Bc5 25. Re5 Qf6 26. a4 Rc7 27. Ka2 Bd6 28. Qxb6 Bxe5 29. fxe5 Qe7 30. Nb4 Kc8 31. Rf1 Rh7 32. Qa7 Kd8 33. Rf4 Rh5 34. Nd3 Ke8 35. Rb4 Kf8 36. a5 Kg7 37. Rb5 Rg5 38. Nc5 Rxg2 39. Rxb7 Rxb7 40. Nxb7 Qc7 41. Ka3 d4 42. cxd4 Qc1 43. Nd6 Qa1+ 44. Kb4 Qxb2+ 45. Kc5 Rc2+ 46. Nc4 Qa3+ 0-1

[Event "Asuncion Clasificatorio op"]
[Site "Asuncion"]
[Date "2013.09.08"]
[Round "6.2"]
[White "Heinechen, John"]
[Black "Uribe, Gabriel"]
[Result "1-0"]
[WhiteElo "1901"]
[BlackElo "1883"]
[PlyCount "41"]
[EventDate "2013.08.30"]
[EventType "swiss"]
[EventRounds "9"]
[EventCountry "PAR"]
[SourceTitle "EXT 2023"]
[Source "ChessBase"]
[SourceDate "2022.10.05"]
[SourceVersion "1"]
[SourceVersionDate "2022.10.05"]
[SourceQuality "1"]

1. e4 d5 2. exd5 Qxd5 3. Nc3 Qa5 4. d4 c6 5. Nf3 Bf5 6. Ne5 Nf6 7. g4 Be6 8. Bd2 Nbd7 9. Nc4 Bxc4 10. Bxc4 Qb6 11. Qe2 Qxd4 12. 0-0-0 Qxg4 13. f3 Qf5 14. Rhg1 h6 15. Ne4 0-0-0 16. Bc3 e6 17. Rxg7 Nxe4 18. fxe4 Qf4+ 19. Bd2 Qe5 20. Rxf7 Bc5 21. Bf4 1-0

[Event "South America-ch U20"]
[Site "Asuncion"]
[Date "2012.06.18"]
[Round "5"]
[White "Olivares Olivares, Claudio"]
[Black "Uribe, Gabriel"]
[Result "1-0"]
[WhiteElo "2251"]
[BlackElo "1872"]
[PlyCount "75"]
[EventDate "2012.06.15"]
[EventType "swiss"]
[EventRounds "9"]
[EventCountry "PAR"]
[SourceTitle "CBM 149 Extra"]
[Source "ChessBase"]
[SourceDate "2012.08.24"]
[SourceVersion "1"]
[SourceVersionDate "2012.08.24"]
[SourceQuality "1"]

1. e4 d5 2. exd5 Qxd5 3. Nc3 Qa5 4. Nf3 c6 5. d4 Nf6 6. Bc4 Bf5 7. Bd2 e6 8. Nd5 Qd8 9. Nxf6+ gxf6 10. Bf4 Be7 11. Qe2 Nd7 12. 0-0-0 Nb6 13. Bb3 Nd5 14. Bg3 Qa5 15. Kb1 h6 16. Nh4 Bh7 17. f4 Rg8 18. f5 Rg5 19. fxe6 Bb4 20. Rhf1 Rd8 21. exf7+ Kxf7 22. Bf4 Re8 23. Qf2 Rg4 24. Bxh6 Re6 25. h3 Rge4 26. Nf3 Kg6 27. Bc1 Kg7 28. Qg3+ Kh8 29. Bh6 Re7 30. Ng5 Re1 31. Rfxe1 Bxe1 32. Nf7+ Rxf7 33. Rxe1 Bg6 34. Re8+ Kh7 35. Qh4 Bh5 36. Bc1 Kg7 37. g4 Ne7 38. gxh5 1-0